000 00345nam a2200133Ia 4500
005 20260326235446.0
008 260326s9999||||xx |||||||||||||| ||und||
100 _aPalleroni, Sergio
245 0 _aStudio at large /
_cSergio Palleroni
260 _bUniversity of Washington
300 _a191 p.
650 _aARQUITECTURA RESIDENCIAL
942 _cBK
999 _c7582
_d7582